Guilty as Sin? (Lyrics)- Taylor Swift - Statistics

General Stats
  • This quiz has been taken 66 times
    8 since last reset
  • The average score is 337 of 359
Answer Stats
Answer % Correct
a
100%
all
100%
allowed
100%
Am
100%
and
100%
as
100%
bad
100%
be
100%
Blue
100%
bone
100%
boredom's
100%
cage
100%
can
100%
crackin'
100%
Crashin'
100%
crashin'
100%
cry?
100%
deep
100%
did
100%
die
100%
"Downtown
100%
dream
100%
Drownin'
100%
fallin'
100%
fine
100%
for
100%
guilty
100%
haven't
100%
He
100%
head
100%
heard
100%
hedge
100%
he's
100%
him
100%
his
100%
how
100%
How
100%
I
100%
i
100%
if
100%
If
100%
I'm
100%
in
100%
In
100%
into
100%
it
100%
just
100%
keep
100%
kiss
100%
life
100%
Lights"
100%
lip
100%
locked
100%
locks
100%
long
100%
longings
100%
mad
100%
maze
100%
me
100%
Messy
100%
mind?
100%
"mine"
100%
My
100%
my
100%
never
100%
Nile
100%
ocean
100%
of
100%
Oh
100%
on
100%
once
100%
only
100%
Only
100%
or
100%
paradox
100%
recalling
100%
rocks
100%
seeing
100%
sent
100%
sin?
100%
skin
100%
the
100%
these
100%
These
100%
thigh
100%
thing
100%
things
100%
This
100%
Throwin'
100%
to
100%
tonight
100%
top
100%
touchin'
100%
up
100%
upper
100%
visions
100%
was
100%
way
100%
we
100%
What
100%
what
100%
while
100%
wise?
100%
Without
100%
written
100%
actions
83%
already
83%
away?
83%
back
83%
breath
83%
does
83%
done
83%
ever
83%
fantasies
83%
fatal
83%
feel
83%
Giving
83%
gonna
83%
hadn't
83%
inside
83%
it's
83%
labored
83%
lowercase
83%
no
83%
One
83%
our
83%
roll
83%
slip
83%
so
83%
somehow?
83%
Someone
83%
stone
83%
such
83%
takin'
83%
talk"
83%
"There's
83%
they
83%
They
83%
They're
83%
thoughts
83%
told
83%
trysts
83%
vault
83%
We've
83%
Why
83%
wolves
83%
y
83%
you
83%
your
83%
ablaze
67%
actually
67%
anyway
67%
are
67%
bed
67%
believe
67%
both
67%
Buildin'
67%
choose
67%
crucify
67%
don't
67%
from
67%
grave
67%
haunted
67%
hold
67%
holy?
67%
is
67%
I've
67%
know
67%
like
67%
make
67%
name
67%
over
67%
propriety
67%
religiously
67%
screamed
67%
sheets
67%
stunningly
67%
suffering
67%
uphold
67%
vow
67%
want
67%
waves
67%
we'll
67%
what's
67%
you've
67%
No matching quizzes found
Score Distribution
Percent of People with Each Score
Percentile by Number Answered
Your Score History
You have not taken this quiz since the last reset